| 000 | 00363nam a2200145Ia 4500 | ||
|---|---|---|---|
| 008 | 100122s9999 xx 000 0 und d | ||
| 082 |
_b45007 _a823.08 |
||
| 100 | _aMARTIN JOHN | ||
| 245 | _aDADDY TELL ME A STORY | ||
| 260 |
_bSUBHASH PUBLISHERS _c1985 |
||
| 300 | _a57 | ||
| 630 | _aDADDY TELL ME A STORY | ||
| 730 | _aDADDY TELL ME A STORY | ||
| 942 | _cBOOK | ||
| 999 |
_c373593 _d373590 |
||